| 000 | 01336nam0a22003131 4500 | ||
|---|---|---|---|
| 001 | rc\3295634 | ||
| 005 | 20250609205216.0 | ||
| 021 |
_aRU _b[69-41907] |
||
| 035 | _a(NLR Aleph) 007498305 | ||
| 090 |
_a7657730 _c7657730 |
||
| 100 | _a20130115d1969 |||y0rusy50 ca | ||
| 101 | 0 | _arus | |
| 102 | _aRU | ||
| 105 | _aa z ||||| | ||
| 200 | 1 | _aПособие для продавца культтоваров | |
| 205 | _a2-е изд., перераб. и доп. | ||
| 210 |
_aМосква _cЭкономика _d1969 |
||
| 215 |
_a285 с. _cил. _d20 |
||
| 300 | _a1-е изд. вышло под загл.: Торговля культтоварами | ||
| 451 | 0 |
_12001#$aТорговля культтоварами _1205##$a1-е изд. _tТорговля культтоварами |
|
| 606 |
_aМагазины культтоваров, сельские _xОрганизация и техника работы _jУчебники и пособия _2psbo |
||
| 606 |
_aКульттовары _xТовароведение _jУчебники и пособия _2psbo |
||
| 700 | 1 |
_aШтульман _bИ.И. _gИзраиль Ихильевич |
|
| 701 | 1 |
_aСухарев _bН.Н. _gНиколай Николаевич |
|
| 801 | 0 |
_aRU _bNLR _gpsbo |
|
| 801 | 1 |
_aRU _bELAR _2rusmarc |
|
| 852 |
_aNLR _j69-3/4206 |
||
| 942 | _cBOOK | ||
| 980 | _aNB | ||